[Event "AUTO-MASTER-2422"]
[Site "http://www.queenalice.com/game.php?id=1422224"]
[Date "2016.5.9"]
[Round "2"]
[White "jupar"]
[Black "Asmodeusz50"]
[Result "0-1"]
[WhiteElo "1989"]
[BlackElo "2389"]

1. d4 Nf6 2. c4 e6 3. Nc3 Bb4 4. Qb3 c5 5. Nf3 Nc6 6. e3 Bxc3+ 7. Qxc3 d6 8. a3
O-O 9. Be2 cxd4 10. exd4 e5 11. dxe5 dxe5 12. Bg5 h6 13. Bh4 g5 14. Nxg5 hxg5
15. Bxg5 Ne4 16. Qe3 Nxg5 17. h4 Ne6 18. Rd1 Ned4 19. Qg3+ Kh7 20. Bd3+ f5 21.
h5 Rg8 22. Qe3 e4 23. Bb1 Rxg2 24. Bxe4 fxe4 25. Qxe4+ Bf5 26. Qxg2 Qe7+ 27. Kd2
Qe2+ 0-1

[Event "AUTO-MASTER-2422"]
[Site "http://www.queenalice.com/game.php?id=1422225"]
[Date "2016.5.9"]
[Round "2"]
[White "Asmodeusz50"]
[Black "jupar"]
[Result "1-0"]
[WhiteElo "2390"]
[BlackElo "1986"]

1. e4 e5 2. Nf3 Nc6 3. Bb5 d6 4. d4 exd4 5. Qxd4 Bd7 6. Bxc6 Bxc6 7. Nc3 Nf6 8.
Bf4 Be7 9. O-O-O O-O 10. Rhe1 Re8 11. e5 dxe5 12. Qc4 Qc8 13. Nxe5 Qe6 14. Qxe6
fxe6 15. Nxc6 bxc6 16. Rxe6 Nd5 17. Nxd5 cxd5 18. Rxd5 Kf7 19. Re3 Rad8 20.
Rxe7+ Kxe7 21. Bg5+ Kf7 22. Rxd8 Re5 23. Rd7+ Kg6 24. Be3 a5 25. Rxc7 h6 26.
Rxg7+ Kxg7 27. Bd4 Kf6 28. f4 Kf5 29. fxe5 h5 30. Kd2 a4 31. b4 axb3 32. cxb3 h4
33. a4 Ke6 34. a5 Kd5 35. Kc3 1-0

[Event "AUTO-MASTER-2422"]
[Site "http://www.queenalice.com/game.php?id=1422226"]
[Date "2016.5.9"]
[Round "2"]
[White "Sambafor"]
[Black "Asmodeusz50"]
[Result "0-1"]
[WhiteElo "2209"]
[BlackElo "2394"]

1. d4 Nf6 2. c4 e6 3. Nc3 Bb4 4. Bd2 O-O 5. e3 b6 6. Nf3 Bb7 7. Be2 Bxc3 8. Bxc3
Ne4 9. Qc2 d6 10. O-O Nxc3 11. Qxc3 Nd7 12. b4 a5 13. a3 Qe7 14. Rfd1 f5 15. d5
e5 16. Nd2 Nf6 17. f3 Bc8 18. e4 fxe4 19. Nxe4 Nxe4 20. fxe4 Rf4 21. Bd3 Bg4 22.
Rf1 Qg5 23. Rxf4 exf4 24. Qd2 axb4 25. Qxb4 f3 26. Qe1 Qe5 27. Bf1 Qd4+ 28. Kh1
f2 29. Qb1 Re8 30. Bd3 Bf5 0-1

[Event "AUTO-MASTER-2422"]
[Site "http://www.queenalice.com/game.php?id=1422227"]
[Date "2016.5.9"]
[Round "2"]
[White "Asmodeusz50"]
[Black "Sambafor"]
[Result "1-0"]
[WhiteElo "2400"]
[BlackElo "2203"]

1. e4 g6 2. d4 Bg7 3. Nc3 d6 4. Nf3 Nc6 5. Be2 e5 6. d5 Nce7 7. O-O f5 8. Ng5 a6
9. exf5 Nxf5 10. f4 exf4 11. Bxf4 Nge7 12. g4 Nd4 13. Bd3 O-O 14. a4 h6 15. Nge4
g5 16. Be3 c6 17. Bxa6 Nxc2 18. Qxc2 Rxa6 19. Rxf8+ Kxf8 20. Rf1+ Kg8 21. Nf6+
Bxf6 22. Rxf6 Bxg4 23. Rxh6 Bf5 24. Qe2 Ng6 25. Rh5 Qf6 26. Rxg5 Kf7 27. Qh5 Bd3
28. Qd1 Nh4 29. Rg3 Bf5 30. Bg5 Qh8 31. dxc6 Rxc6 32. Qb3+ Kf8 33. Bh6+ Ke7 34.
Qxb7+ 1-0

[Event "AUTO-ELITE-1638"]
[Site "http://www.queenalice.com/game.php?id=1422754"]
[Date "2016.5.13"]
[Round "2"]
[White "Asmodeusz50"]
[Black "Norfair"]
[Result "0-1"]
[WhiteElo "2404"]
[BlackElo "2596"]

1. e4 c5 2. Nf3 d6 3. d4 cxd4 4. Nxd4 Nf6 5. Nc3 a6 6. Be3 e5 7. Nf3 Be7 8. Bc4
O-O 9. O-O Qc7 10. Bb3 Be6 11. a3 Nbd7 12. h3 Nc5 13. Bxe6 fxe6 14. Ng5 Qc6 15.
Bxc5 dxc5 16. Nf3 Qc7 17. Qe2 c4 18. Ng5 Qc6 19. Nf3 Qc7 20. Rad1 Rad8 21. Rxd8
Rxd8 22. Rd1 Rxd1+ 23. Nxd1 b5 24. Nc3 Bd6 25. Kf1 Bc5 26. a4 Bd4 27. Nd1 h6 28.
c3 Ba7 29. g3 Qb7 30. Qd2 Nxe4 31. Qd8+ Kh7 32. Nxe5 Nxg3+ 0-1

[Event "AUTO-ELITE-1638"]
[Site "http://www.queenalice.com/game.php?id=1422755"]
[Date "2016.5.13"]
[Round "2"]
[White "Norfair"]
[Black "Asmodeusz50"]
[Result "1-0"]
[WhiteElo "2620"]
[BlackElo "2387"]

1. Nf3 Nf6 2. g3 d5 3. Bg2 c6 4. O-O Bg4 5. c4 e6 6. d3 Nbd7 7. cxd5 cxd5 8. Qb3
Nc5 9. Qb5+ Nfd7 10. d4 a6 11. Qb4 Nd3 12. Qxb7 Nb4 13. Bf4 Nc2 14. Nc3 Nxa1 15.
Rxa1 Be7 16. e4 dxe4 17. Ne5 Nxe5 18. Bxe5 Rc8 19. Bxg7 Rg8 20. Be5 f6 21. Bf4
f5 22. Bf1 Qd7 23. Qxd7+ Kxd7 24. Bxa6 Ra8 25. Bb5+ Kd8 26. d5 exd5 27. Nxd5 Bg5
28. Bc7+ Kc8 29. a4 Rg6 30. Bf4 Kb7 31. Bxg5 Rxg5 32. Rc1 Ra7 33. b4 Kb8 34. f4
Rg6 35. Rc5 Rd6 36. a5 h5 37. Bc4 h4 38. gxh4 Rad7 39. Kf2 Bh5 40. b5 Bf7 41.
Nb6 Rxb6 42. axb6 Bxc4 43. Rxc4 Rd2+ 44. Ke1 Rxh2 45. Rc5 Rxh4 46. Rxf5 Kb7 47.
Rf6 Rh2 48. Re6 Rb2 49. Rxe4 Rxb5 50. Kf2 Kxb6 51. Kf3 Kc6 52. Kg4 1-0

[Event "Challenge"]
[Site "http://www.queenalice.com/game.php?id=1427057"]
[Date "2016.6.10"]
[Round "-"]
[White "Albator007"]
[Black "Asmodeusz50"]
[Result "1-0"]
[WhiteElo "2168"]
[BlackElo "2380"]

1. e4 e5 2. Nf3 Nc6 3. Bb5 a6 4. Ba4 Nf6 5. O-O b5 6. Bb3 Bb7 7. d3 Bc5 8. a4
O-O 9. Bg5 h6 10. Bh4 g5 11. Bg3 d6 12. c3 b4 13. a5 Rb8 14. Nbd2 Bc8 15. Bc4
Qe7 16. Re1 Re8 17. Nf1 bxc3 18. bxc3 Ra8 19. d4 exd4 20. e5 dxe5 21. cxd4 Nxd4
22. Bxe5 Ne6 23. Qc2 Ng4 24. Bg3 Rb8 25. h3 Nf6 26. Be5 Bb4 27. Ng3 Bxe1 28.
Rxe1 Nh7 29. Bc3 Rb4 30. Bd3 Nf6 31. Nf5 Qc5 32. Nxh6+ Kf8 33. Re5 Rb1+ 34. Kh2
Qa3 35. Rf5 1-0

[Event "AUTO-MASTER-2414"]
[Site "http://www.queenalice.com/game.php?id=1428684"]
[Date "2016.6.22"]
[Round "2"]
[White "josebaron"]
[Black "Asmodeusz50"]
[Result "0-1"]
[WhiteElo "1950"]
[BlackElo "2391"]

1. e4 e5 2. Bc4 Bc5 3. Nf3 Nc6 4. c3 Nf6 5. d3 O-O 6. h3 d5 7. exd5 Nxd5 8. O-O
Nb6 9. Bb3 Bf5 10. Bc2 a5 11. Be3 Bxe3 12. fxe3 Qe7 13. e4 Be6 14. a4 Rad8 15.
Na3 f5 16. exf5 Rxf5 17. d4 Rf6 18. Qe2 exd4 19. cxd4 Rdf8 20. Rae1 g6 21. d5
Qc5+ 22. Kh1 Bxd5 23. Qd1 Bxf3 24. Rxf3 Rxf3 25. gxf3 Qh5 26. Kg2 Qg5+ 27. Kh2
Rd8 28. Qe2 Rd2 0-1

[Event "AUTO-MASTER-2414"]
[Site "http://www.queenalice.com/game.php?id=1428685"]
[Date "2016.6.22"]
[Round "2"]
[White "Asmodeusz50"]
[Black "josebaron"]
[Result "1-0"]
[WhiteElo "2392"]
[BlackElo "1950"]

1. e4 e5 2. Nf3 Nc6 3. Bb5 d6 4. d4 exd4 5. Nxd4 Bd7 6. O-O Be7 7. Nxc6 Bxc6 8.
Qe2 Nf6 9. Nc3 O-O 10. a4 a6 11. Bxc6 bxc6 12. Be3 c5 13. Rad1 Qc8 14. Bf4 Qg4
15. Qxg4 Nxg4 16. Nd5 Bd8 17. h3 Ne5 18. Bxe5 dxe5 19. b3 c6 20. Ne3 a5 21. Rd7
Bg5 22. Nc4 Rfd8 23. Rc7 Rdc8 24. Rxc8+ Rxc8 25. Nxa5 Bd2 26. Nc4 Bc3 27. Rd1
Bd4 28. Rd3 Rd8 29. Nxe5 Rd6 30. Nf3 f6 31. Kf1 Re6 32. Nxd4 cxd4 33. Rxd4 c5
34. Rc4 Re5 35. a5 1-0

[Event "AUTO-MASTER-2414"]
[Site "http://www.queenalice.com/game.php?id=1428686"]
[Date "2016.6.22"]
[Round "2"]
[White "sia"]
[Black "Asmodeusz50"]
[Result "0-1"]
[WhiteElo "2041"]
[BlackElo "2368"]

1. g3 e5 2. Bg2 d5 3. d3 Nc6 4. Nf3 Nf6 5. Nbd2 e4 6. dxe4 dxe4 7. Ng1 Bf5 8. e3
Qe7 9. Ne2 O-O-O 10. O-O h5 11. Nf4 Bg4 12. Qe1 Nb4 13. f3 Nxc2 14. Qe2 exf3 15.
Bxf3 Nxa1 16. Bxg4+ hxg4 17. Nc4 Qe4 18. b3 Nc2 19. Rf2 Nb4 20. Bb2 Bc5 21. Bxf6
gxf6 22. Qxg4+ f5 23. Qf3 b5 24. Qxe4 fxe4 25. Ne5 Bxe3 26. Nxf7 Bxf2+ 27. Kxf2
Rxh2+ 28. Ke3 Re8 29. Ng6 Nc2+ 30. Kf4 Rf2+ 31. Kg4 Rxf7 32. Nf4 Rg8+ 33. Kh3
Rxf4 34. gxf4 e3 35. f5 e2 36. f6 e1=Q 37. Kh2 Qh4# 0-1

[Event "AUTO-MASTER-2414"]
[Site "http://www.queenalice.com/game.php?id=1428687"]
[Date "2016.6.22"]
[Round "2"]
[White "Asmodeusz50"]
[Black "sia"]
[Result "1-0"]
[WhiteElo "2364"]
[BlackElo "2029"]

1. e4 e5 2. Nf3 d6 3. d4 Bg4 4. Nc3 exd4 5. Qxd4 Bxf3 6. gxf3 Nc6 7. Qa4 a6 8.
Nd5 b5 9. Bxb5 axb5 10. Qxa8 Qxa8 11. Nxc7+ Kd7 12. Nxa8 Nd4 13. Kd1 Nxf3 14. a4
Nf6 15. axb5 Nxe4 16. Be3 d5 17. Ra7+ Ke6 18. Ke2 Ne5 19. f3 Nd6 20. Nc7+ Kf5
21. Rd1 Ndc4 22. Rxd5 Kg6 23. Bd4 f6 24. f4 Nf7 25. f5+ Kh5 26. Ne6 Ncd6 27. Bc5
Nxb5 28. Rxf7 Bxc5 29. Rxc5 Nd6 30. Rxg7 Re8 31. Rd5 Ne4 32. Kf3 Ng5+ 33. Nxg5
Kh6 34. Rxh7+ Kxg5 35. h4# 1-0

[Event "Challenge"]
[Site "http://www.queenalice.com/game.php?id=1435659"]
[Date "2016.8.10"]
[Round "-"]
[White "Asmodeusz50"]
[Black "mmagari"]
[Result "1/2-1/2"]
[WhiteElo "2368"]
[BlackElo "2379"]

1. e4 h5 2. d4 a5 3. Nc3 c6 4. Nf3 d6 5. Bd3 Bg4 6. h3 Bxf3 7. Qxf3 Nd7 8. Be3
e5 9. d5 h4 10. O-O-O Ngf6 11. g4 Nh7 12. Kb1 Ng5 13. Qe2 Be7 14. Bc4 O-O 15. f3
Qc7 16. Bf2 Nh7 17. a3 Rfb8 18. Qe1 Ndf8 19. dxc6 bxc6 20. Bxh4 Bxh4 21. Qxh4 d5
22. exd5 cxd5 23. Bb3 Ng6 24. Qg3 a4 25. Nxa4 Nf4 26. g5 Nf8 27. Rhe1 d4 28. Re4
Ra5 29. Qh2 Rb7 30. Qd2 N8e6 31. Rg1 g6 32. h4 Rba7 33. Qb4 Rb7 34. Qd2 Rba7 35.
Qb4 Rb7 36. Qd2 Rba7 1/2-1/2

[Event "AUTO-MASTER-2434"]
[Site "http://www.queenalice.com/game.php?id=1436732"]
[Date "2016.8.18"]
[Round "2"]
[White "jupar"]
[Black "Asmodeusz50"]
[Result "0-1"]
[WhiteElo "2104"]
[BlackElo "2370"]

1. e4 e5 2. Nf3 Nc6 3. d4 exd4 4. Nxd4 Nf6 5. Nxc6 bxc6 6. Bg5 Be7 7. Bd3 Nxe4
8. Bxe7 Qxe7 9. O-O O-O 10. Re1 f5 11. Nd2 d5 12. Nb3 a5 13. f3 a4 14. fxe4 axb3
15. exf5 Qc5+ 16. Kh1 bxa2 17. Qh5 d4 18. g4 Ba6 19. Re7 Bxd3 20. Qg5 Rf7 21.
Rae1 Rxe7 22. Rxe7 Qd5+ 23. Kg1 a1=Q+ 24. Kf2 Qf1+ 25. Kg3 Qdg2+ 0-1

[Event "AUTO-MASTER-2434"]
[Site "http://www.queenalice.com/game.php?id=1436733"]
[Date "2016.8.18"]
[Round "2"]
[White "Asmodeusz50"]
[Black "jupar"]
[Result "1-0"]
[WhiteElo "2374"]
[BlackElo "2099"]

1. e4 e5 2. Nf3 Nc6 3. Bb5 d6 4. d4 exd4 5. Nxd4 Bd7 6. Nc3 Nf6 7. O-O Be7 8.
Bf4 Ne5 9. Bxd7+ Nfxd7 10. Nd5 O-O 11. Nb5 c6 12. Nxe7+ Qxe7 13. Nxd6 b6 14. Qd4
f6 15. f3 g5 16. Nf5 Qc5 17. Qxc5 Nxc5 18. Bxe5 fxe5 19. Ne7+ Kf7 20. Nxc6 Ke6
21. Nb4 Rfd8 22. Nd5 Rac8 23. Rad1 Na4 24. b3 Nb2 25. Rd2 Rxd5 26. exd5+ Kd6 27.
Rb1 Nc4 28. bxc4 Rxc4 29. Rb3 Rc5 30. Kf2 h5 31. Ra3 a5 32. Ra4 Rc3 33. h4 gxh4
34. Rxh4 Ra3 35. Rxh5 Rxa2 36. Rh6+ Kc7 37. d6+ Kd7 38. Rh7+ Kd8 39. d7 1-0

[Event "AUTO-MASTER-2434"]
[Site "http://www.queenalice.com/game.php?id=1436734"]
[Date "2016.8.18"]
[Round "2"]
[White "Zugswang"]
[Black "Asmodeusz50"]
[Result "0-1"]
[WhiteElo "2129"]
[BlackElo "2378"]

1. e4 e5 2. f4 exf4 3. Nf3 g5 4. Bc4 g4 5. O-O gxf3 6. Rxf3 Nc6 7. d4 Bg7 8. c3
d6 9. Bxf4 Bg4 10. Qb3 Bxf3 11. Bxf7+ Kf8 12. gxf3 Nxd4 13. cxd4 Bxd4+ 14. Kf1
Qf6 15. Bxg8 Qxf4 16. Be6 Qxh2 17. Ke1 Qxb2 18. Nd2 Qxa1+ 19. Ke2 Qb2 20. Qd5
Be5 21. f4 c6 22. Qa5 b6 23. Qa6 Bxf4 24. Qd3 Ke7 25. Bb3 Rag8 0-1

[Event "AUTO-MASTER-2434"]
[Site "http://www.queenalice.com/game.php?id=1436735"]
[Date "2016.8.18"]
[Round "2"]
[White "Asmodeusz50"]
[Black "Zugswang"]
[Result "1-0"]
[WhiteElo "2383"]
[BlackElo "2124"]

1. e4 Nf6 2. Nc3 e5 3. Nf3 Nc6 4. Bb5 d6 5. d4 Bd7 6. Bxc6 Bxc6 7. Qd3 Qe7 8.
O-O g6 9. Qc4 Bg7 10. d5 Bd7 11. Qxc7 b6 12. Nd2 O-O 13. Nc4 Ne8 14. Qb7 Qd8 15.
a4 f5 16. Bg5 Bf6 17. Bxf6 Rxf6 18. exf5 gxf5 19. f4 e4 20. Rae1 Rg6 21. Re3 Rc8
22. Na3 Nf6 23. Qxa7 Ng4 24. Rg3 Ra8 25. Qb7 Bxa4 26. Nxa4 Rxa4 27. Nb5 Rc4 28.
Ra1 Rg7 29. Ra8 Rxb7 30. Rxd8+ Kf7 31. Nxd6+ Ke7 32. Nxb7 Rxc2 33. Rc3 1-0

[Event "AUTO-INT-3090"]
[Site "http://www.queenalice.com/game.php?id=1439769"]
[Date "2016.9.5"]
[Round "2"]
[White "Asmodeusz50"]
[Black "vincenzo"]
[Result "1-0"]
[WhiteElo "2367"]
[BlackElo "1866"]

1. e4 e5 2. Nf3 d6 3. d4 exd4 4. Nxd4 Nc6 5. Bb5 Bd7 6. Nc3 Nxd4 7. Bxd7+ Qxd7
8. Qxd4 c5 9. Qc4 Ne7 10. Bf4 Ng6 11. Bg3 Ne5 12. Qb3 c4 13. Qa3 d5 14. Qa5 Nc6
15. Qxd5 Nb4 16. Qxd7+ Kxd7 17. O-O-O+ Kc6 18. a3 Na6 19. Rd5 g6 20. Rhd1 Bh6+
21. Kb1 Rhd8 22. Rxd8 Rxd8 23. Rxd8 1-0

[Event "AUTO-INT-3090"]
[Site "http://www.queenalice.com/game.php?id=1439770"]
[Date "2016.9.5"]
[Round "2"]
[White "vincenzo"]
[Black "Asmodeusz50"]
[Result "0-1"]
[WhiteElo "1868"]
[BlackElo "2366"]

1. d4 d5 2. e3 Nf6 3. Nf3 c5 4. dxc5 e6 5. b4 a5 6. c3 axb4 7. cxb4 b6 8. Bb5+
Bd7 9. Bxd7+ Nbxd7 10. c6 Bxb4+ 11. Bd2 Bxd2+ 12. Nbxd2 Nc5 13. O-O Qc7 14. Ne5
Qxe5 15. Nb3 Qc7 16. Nd4 e5 17. Nf5 g6 18. Nh6 Kf8 19. Qf3 Kg7 20. Ng4 Nxg4 21.
Qxg4 Qxc6 22. Qg3 Rhe8 23. f4 Ne4 24. Qe1 exf4 25. exf4 Qc5+ 26. Kh1 d4 27. Rc1
Qd5 28. a3 Rxa3 29. Qb4 Ng3+ 0-1

[Event "Challenge"]
[Site "http://www.queenalice.com/game.php?id=1442684"]
[Date "2016.9.24"]
[Round "-"]
[White "Asmodeusz50"]
[Black "Albator007"]
[Result "0-1"]
[WhiteElo "2382"]
[BlackElo "2298"]

1. e4 c5 2. Nf3 d6 3. d4 cxd4 4. Nxd4 Nf6 5. Nc3 a6 6. Be3 e6 7. f3 b5 8. Qd2
Nbd7 9. g4 Nb6 10. a4 Nc4 11. Bxc4 bxc4 12. a5 Bb7 13. O-O Be7 14. Na4 Nd7 15.
Nb6 Nxb6 16. axb6 d5 17. Qa5 O-O 18. Rad1 Rc8 19. Ne2 Bd6 0-1

[Event "Challenge"]
[Site "http://www.queenalice.com/game.php?id=1449626"]
[Date "2016.11.12"]
[Round "-"]
[White "zugzwangskie"]
[Black "Asmodeusz50"]
[Result "1-0"]
[WhiteElo "1959"]
[BlackElo "2367"]

1. e4 e5 2. Nf3 Nc6 3. Bc4 Bc5 4. c3 Nf6 5. d3 O-O 6. Bb3 d5 7. Qe2 a5 8. a4 Be6
9. Ng5 Bg4 10. f3 Bh5 11. h4 Bg6 12. exd5 Nxd5 13. h5 1-0

[Event "Challenge"]
[Site "http://www.queenalice.com/game.php?id=1450001"]
[Date "2016.11.13"]
[Round "-"]
[White "Asmodeusz50"]
[Black "Bzwugzwang"]
[Result "0-1"]
[WhiteElo "2344"]
[BlackElo "1500"]

1. e4 c5 2. Nf3 g6 3. d4 cxd4 4. Nxd4 Nc6 5. f4 e5 6. Nxc6 bxc6 7. Nc3 Bg7 8.
Qf3 Qh4+ 9. g3 Qe7 10. fxe5 Bxe5 11. Bf4 Nf6 0-1